000 00372nam a2200133Ia 4500
008 151001s9999||||xx |||||||||||||| ||und||
100 _aPublishing House Angela
245 _aStories from fairy land: alice in Wohnderlan
250 _a1
260 _bAngel Publishing pvt.ltd
260 _c2006
300 _a16
365 _b24
999 _c987713
_d987710